[Event "Foment Martinenc op-C 22nd"]
[Site "Barcelona"]
[Date "2022.04.30"]
[Round "2"]
[White "Ylla Soro, Rafael"]
[Black "Ventura Codinas, Joan"]
[Result "1-0"]
[WhiteElo "1714"]
[BlackElo "1513"]
[PlyCount "66"]
[EventDate "2022.04.23"]
[EventType "swiss"]
[EventRounds "9"]
[EventCountry "ESP"]
[SourceTitle "EXT 2023"]
[Source "ChessBase"]
[SourceDate "2022.10.05"]
[SourceVersion "1"]
[SourceVersionDate "2022.10.05"]
[SourceQuality "1"]

1. d4 d5 2. Bf4 Nc6 3. e3 Nf6 4. Nf3 Bg4 5. Nbd2 e6 6. h3 Bf5 7. Be2 h6 8. 0-0 g5 9. Be5 Rg8 10. Nh2 Nd7 11. Bg3 e5 12. dxe5 Ndxe5 13. Bb5 Bd7 14. Nb3 Bd6 15. Qxd5 Qf6 16. Rad1 0-0-0 17. Nc5 Rge8 18. Nxd7 Kxd7 19. Qb3 Kc8 20. Bxe5 Bxe5 21. Ng4 Qg6 22. Nxe5 Rxe5 23. Bxc6 bxc6 24. Rxd8+ Kxd8 25. Qb8+ Ke7 26. Qxc7+ Kf8 27. Qxe5 Qxc2 28. Qd6+ Kg7 29. Qd4+ f6 30. Rd1 Qf5 31. Qxa7+ Kg6 32. Rd7 Qb1+ 33. Kh2 Qxb2 1-0

[Event "Foment Martinenc op-B 19st"]
[Site "Barcelona"]
[Date "2017.06.17"]
[Round "9.17"]
[White "Carceller Perez, Francesco"]
[Black "Ventura Codinas, Joan"]
[Result "1-0"]
[WhiteElo "1723"]
[BlackElo "1197"]
[PlyCount "67"]
[EventDate "2017.04.22"]
[EventType "swiss"]
[EventRounds "9"]
[EventCountry "ESP"]
[SourceTitle "EXT 2024"]
[Source "ChessBase"]
[SourceDate "2023.10.10"]
[SourceVersion "1"]
[SourceVersionDate "2023.10.10"]
[SourceQuality "1"]

1. e4 e5 2. Nf3 Nc6 3. Bc4 Bc5 4. b4 Bb6 5. b5 Na5 6. Bxf7+ Kxf7 7. Nxe5+ Kf8 8. Qh5 Qf6 9. Bb2 Qxf2+ 10. Kd1 Ne7 11. Qg5 Rg8 12. Nd3 Qf7 13. Ke1 Ke8 14. Rf1 Qg6 15. Qf4 Nc4 16. Bc3 Qe6 17. Bxg7 Ng6 18. Qh6 Qxe4+ 19. Kd1 Qg4+ 20. Kc1 Qxg2 21. Re1+ Be3 22. Rxe3+ Nxe3 23. Qxe3+ Kf7 24. Be5 Re8 25. Qc5 Qe2 26. Bxc7 Qf1+ 27. Kb2 Qf6+ 28. Nc3 Re6 29. Nb4 b6 30. Qc4 Bb7 31. Rf1 Bf3 32. Qd3 Nh4 33. Qxh7+ Kf8 34. Nbd5 1-0

[Event "Foment Martinenc op-C 17th"]
[Site "Barcelona"]
[Date "2015.05.02"]
[Round "2"]
[White "Ventura Codinas, Joan"]
[Black "Ros Cuadrado, Tomas"]
[Result "0-1"]
[WhiteElo "1693"]
[BlackElo "1786"]
[PlyCount "66"]
[EventDate "2015.04.25"]
[EventType "swiss"]
[EventRounds "9"]
[EventCountry "ESP"]
[SourceTitle "EXT 2017"]
[Source "ChessBase"]
[SourceDate "2016.10.25"]
[SourceVersion "1"]
[SourceVersionDate "2016.10.25"]
[SourceQuality "1"]

1. e4 e6 2. d4 d5 3. Nc3 c5 4. b3 cxd4 5. Nb5 a6 6. Nxd4 Bb4+ 7. Bd2 Qa5 8. exd5 Bxd2+ 9. Qxd2 Qxd5 10. Ngf3 Ne7 11. Bc4 Qe4+ 12. Ne2 Nbc6 13. 0-0 0-0 14. Rfe1 Ne5 15. Qc3 Nxf3+ 16. gxf3 Qg6+ 17. Ng3 b5 18. Be2 Bb7 19. Rad1 Nd5 20. Qb2 h5 21. h4 Nf4 22. Qd4 Nxe2+ 23. Rxe2 Bxf3 24. Red2 Bxd1 25. Rxd1 Qxc2 26. Nxh5 Qg6+ 27. Ng3 Rac8 28. Qb2 Rc2 29. Qa3 Qg4 30. Qd6 Rfc8 31. Kg2 Rxa2 32. Rd4 Qg6 33. Rg4 Qxg4 0-1

[Event "Foment Martinenc op-C 17th"]
[Site "Barcelona"]
[Date "2015.04.25"]
[Round "1"]
[White "Martinez Lopez, Ramon"]
[Black "Ventura Codinas, Joan"]
[Result "0-1"]
[WhiteElo "1765"]
[BlackElo "1693"]
[PlyCount "68"]
[EventDate "2015.04.25"]
[EventType "swiss"]
[EventRounds "9"]
[EventCountry "ESP"]
[SourceTitle "EXT 2017"]
[Source "ChessBase"]
[SourceDate "2016.10.25"]
[SourceVersion "1"]
[SourceVersionDate "2016.10.25"]
[SourceQuality "1"]

1. e4 e5 2. Nf3 Nc6 3. Bc4 Bc5 4. b4 Bb6 5. c3 d6 6. a4 a5 7. b5 Nb8 8. d4 Nd7 9. Ng5 Nh6 10. 0-0 0-0 11. Nf3 Nf6 12. Bxh6 gxh6 13. Re1 Bg4 14. Nbd2 exd4 15. cxd4 Bxd4 16. Ra3 Bc5 17. Rd3 Nh5 18. h3 Be6 19. Bxe6 fxe6 20. e5 d5 21. Nb3 Bb6 22. Nbd4 Nf4 23. Rd2 Qe8 24. Nh4 Qe7 25. Qg4+ Qg5 26. g3 Nxh3+ 27. Qxh3 Qxd2 28. Qxe6+ Kh8 29. Re2 Qd1+ 30. Kg2 Qxd4 31. Nf5 Qd3 32. Ne3 Qe4+ 33. Kg1 Qf3 34. Kf1 Qh1# 0-1